[Event "45 MFSz im. A.Rubinsteina - B"]
[Site "Polanica Zdroj"]
[Date "2009.08.21"]
[Round "4.38"]
[White "Kwasniewski, Pawel"]
[Black "Duszenko, Michal"]
[Result "0-1"]
[WhiteElo "1470"]
[BlackElo "1785"]
[PlyCount "52"]
[EventDate "2009.??.??"]

1. d4 Nf6 2. c4 c5 3. Nf3 cxd4 4. Nxd4 e5 5. Nb3 a5 6. Bg5 a4 7. N3d2 Qb6 8.
Qc2 Bc5 9. e3 h6 10. Bxf6 Qxf6 11. Ne4 Bb4+ 12. Nbc3 Qg6 13. Rc1 O-O 14. g3 d5
15. cxd5 Bf5 16. Bd3 a3 17. Nc5 axb2 18. Rd1 e4 19. N5xe4 Bxe4 20. Rf1 Bxd3 21.
Rxd3 Bxc3+ 22. Ke2 Bf6 23. Qb3 Nd7 24. Qb5 Rxa2 25. Rd2 Ra1 26. Rdd1 Qc2+ 0-1

[Event "45 MFSz im. A.Rubinsteina - B"]
[Site "Polanica Zdroj"]
[Date "2009.08.21"]
[Round "4.39"]
[White "Ulanowski, Karol"]
[Black "Wozniak, Grzegorz"]
[Result "1-0"]
[WhiteElo "1777"]
[BlackElo "1570"]
[PlyCount "89"]
[EventDate "2009.??.??"]

1. e4 g6 2. d4 c6 3. Nc3 d5 4. h3 Bg7 5. Nf3 dxe4 6. Nxe4 Bf5 7. Ng3 Qd7 8.
Nxf5 Qxf5 9. Bd3 Qd7 10. O-O e6 11. c3 Ne7 12. Bf4 O-O 13. Ne5 Qd8 14. Qb3 Qb6
15. Qc2 Nd5 16. Bg3 Nf6 17. Nc4 Qd8 18. Qb3 b5 19. Ne5 Nfd7 20. Nxd7 Nxd7 21.
a4 a6 22. axb5 axb5 23. Be4 Qb6 24. Qb4 Rfc8 25. Qd6 Rxa1 26. Rxa1 Nf6 27. Bf3
Bf8 28. Qf4 Nd5 29. Qd2 Rd8 30. Qe2 c5 31. dxc5 Qxc5 32. Ra5 Qc4 33. Rxb5 Qxe2
34. Bxe2 Bd6 35. Bxd6 Rxd6 36. c4 Nf4 37. Bf3 Rd4 38. c5 Rc4 39. c6 e5 40. Rxe5
Ne6 41. Kh2 Kg7 42. Bd5 Kf6 43. Bxc4 Kxe5 44. Bxe6 Kxe6 45. b4 1-0

[Event "45 MFSz im. A.Rubinsteina - B"]
[Site "Polanica Zdroj"]
[Date "2009.08.21"]
[Round "4.41"]
[White "Siedlanowski, Lukasz"]
[Black "Kowalczyk, Adam"]
[Result "1-0"]
[WhiteElo "1688"]
[BlackElo "1745"]
[PlyCount "92"]
[EventDate "2009.??.??"]

1. e4 c5 2. Nf3 e6 3. d4 cxd4 4. Nxd4 Nc6 5. Nb3 Nf6 6. Bd3 d5 7. exd5 Nxd5 8.
Bd2 Bd6 9. Nc3 Nf6 10. Qe2 O-O 11. O-O-O Qe8 12. Bg5 Be5 13. Ne4 Nd5 14. c4 Nf4
15. Bxf4 Bxf4+ 16. Kb1 f5 17. Nc3 Nb4 18. Rhe1 a6 19. a3 Nxd3 20. Qxd3 Qh5 21.
h3 Bc7 22. Qe2 Qxe2 23. Rxe2 b6 24. Nd4 Kf7 25. Rde1 e5 26. Nc6 Be6 27. Nxe5+
Bxe5 28. Rxe5 Bxc4 29. Rxf5+ Kg6 30. Rxf8 Rxf8 31. f3 Rd8 32. Rd1 Rxd1+ 33.
Nxd1 Kg5 34. Ne3 Be6 35. Kc2 Kf4 36. Kd2 Kg3 37. Ke2 h5 38. Kf1 b5 39. Nc2 g6
40. Kg1 a5 41. Nd4 Bd7 42. Ne2+ Kh4 43. Kh2 a4 44. f4 Bxh3 45. gxh3 g5 46. fxg5
Kxg5 1-0

[Event "45 MFSz im. A.Rubinsteina - B"]
[Site "Polanica Zdroj"]
[Date "2009.08.21"]
[Round "4.42"]
[White "Wisniewski, Michal"]
[Black "Jankowski, Aleksander"]
[Result "1/2-1/2"]
[WhiteElo "1456"]
[BlackElo "1737"]
[PlyCount "64"]
[EventDate "2009.??.??"]

1. e4 e6 2. d4 d5 3. exd5 exd5 4. c4 Nf6 5. Nc3 Bb4 6. Nf3 O-O 7. Be2 dxc4 8.
Bxc4 Nbd7 9. O-O Nb6 10. Bb3 Nbd5 11. Bd2 Nxc3 12. bxc3 Bd6 13. Bg5 Bg4 14. Qd3
c5 15. d5 Be7 16. Bxf6 Bxf6 17. Rac1 Qd6 18. c4 a6 19. Nd2 Qd7 20. Ne4 Bd4 21.
h3 Bf5 22. Rfe1 Rfe8 23. a4 Re7 24. Rc2 Rae8 25. Rce2 Bxe4 26. Rxe4 Qf5 27.
Rxe7 Qxf2+ 28. Kh2 Rxe7 29. Rxe7 Qg1+ 30. Kg3 Qf2+ 31. Kh2 Qg1+ 32. Kg3 Qf2+
1/2-1/2

[Event "45 MFSz im. A.Rubinsteina - B"]
[Site "Polanica Zdroj"]
[Date "2009.08.21"]
[Round "4.43"]
[White "Zak, Pawel"]
[Black "Oszczanowski, Witold"]
[Result "1/2-1/2"]
[WhiteElo "1792"]
[BlackElo "1679"]
[PlyCount "54"]
[EventDate "2009.??.??"]

1. d4 Nf6 2. c4 c5 3. d5 b5 4. cxb5 a6 5. b6 d6 6. Nc3 Qxb6 7. e4 g6 8. Nf3
Nbd7 9. Nd2 Bg7 10. Nc4 Qc7 11. Be2 O-O 12. O-O Bb7 13. Bf4 Rfd8 14. a4 Nb6 15.
a5 Nxc4 16. Bxc4 Nd7 17. Kh1 Rdb8 18. Qd2 Bc8 19. Bg3 Rb4 20. b3 Ne5 21. Bxe5
Bxe5 22. Ra2 Bd7 23. f4 Bg7 24. f5 Bb5 25. fxg6 fxg6 26. Ne2 Bxc4 27. bxc4 Be5
{przeciwnicy zremisowali po dlugiej grze.} 1/2-1/2

[Event "45 MFSz im. A.Rubinsteina - B"]
[Site "Polanica Zdroj"]
[Date "2009.08.21"]
[Round "4.44"]
[White "Zysko, Teresa"]
[Black "Wozniak, Bartosz"]
[Result "1/2-1/2"]
[WhiteElo "1699"]
[BlackElo "1770"]
[PlyCount "90"]
[EventDate "2009.??.??"]

1. e4 c5 2. Nf3 d6 3. d4 cxd4 4. Nxd4 Nf6 5. Nc3 g6 6. f4 Nc6 7. Nxc6 bxc6 8.
e5 Nd7 9. exd6 exd6 10. Bd3 Be7 11. O-O Nc5 12. b3 O-O 13. Bb2 Bf6 14. Re1 d5
15. Kh1 Bg7 16. Qd2 Nxd3 17. Qxd3 Bf5 18. Qd2 Qd6 19. Rad1 Rfd8 20. Qc1 Qb4 21.
Ne2 Bxb2 22. Qxb2 c5 23. c3 Qb7 24. Ng3 Bg4 25. Rd3 c4 26. Rde3 Be6 27. Ne2 Bf5
28. Nd4 Be4 29. Qf2 Rac8 30. f5 Qb6 31. Qf4 Qf6 32. Rf1 cxb3 33. axb3 Re8 34.
Rh3 Bxf5 35. Rg3 Kh8 36. Nxf5 Qxf5 37. Qd4+ Qe5 38. Qxa7 Rc7 39. Qf2 f5 40. Qf3
Rec8 41. Rc1 Rb8 42. c4 dxc4 43. Qc3 Qg7 44. bxc4 Rbc8 45. Qxg7+ Kxg7 1/2-1/2

[Event "45 MFSz im. A.Rubinsteina - B"]
[Site "Polanica Zdroj"]
[Date "2009.08.21"]
[Round "4.46"]
[White "Dadello, Aleksandra"]
[Black "Kustal, Emilia"]
[Result "0-1"]
[WhiteElo "1731"]
[BlackElo "1603"]
[PlyCount "66"]
[EventDate "2009.??.??"]

1. e4 e6 2. d4 d5 3. Nc3 Nf6 4. e5 Nfd7 5. f4 c5 6. Nf3 Nc6 7. Be3 a6 8. Qd2 b5
9. dxc5 Bxc5 10. Bxc5 Nxc5 11. Qf2 Qe7 12. Nd4 Bb7 13. g3 Rc8 14. a3 Nxd4 15.
Qxd4 Nd7 16. Bd3 Qc5 17. Qxc5 Nxc5 18. Ne2 f6 19. Nd4 Ke7 20. b4 Nd7 21. exf6+
gxf6 22. Kd2 e5 23. Rhe1 Rcf8 24. Bf5 Nb6 25. fxe5 Nc4+ 26. Kc3 fxe5 27. g4 h5
28. Bd3 Kd7 29. Nb3 d4+ 30. Nxd4 exd4+ 31. Kxd4 Rf4+ 32. Kc3 hxg4 33. Rad1 Nd6
{I czarne zrealizowaly przewage.} 0-1

[Event "45 MFSz im. A.Rubinsteina - B"]
[Site "Polanica Zdroj"]
[Date "2009.08.22"]
[Round "5.2"]
[White "Solnicki, Michal"]
[Black "Jagiela, Piotr"]
[Result "1/2-1/2"]
[WhiteElo "2031"]
[BlackElo "1939"]
[PlyCount "121"]
[EventDate "2009.??.??"]

1. d4 e6 2. g3 f5 3. Bg2 d5 4. Nh3 Nd7 5. O-O Bd6 6. Bf4 Ndf6 7. Nc3 Ne7 8. f3
O-O 9. e4 Bxf4 10. gxf4 Ng6 11. Qd2 c6 12. Ne2 Nh5 13. Ng3 Qh4 14. Nxh5 Qxh5
15. e5 Nh4 16. Qf2 Bd7 17. Qg3 h6 18. Rf2 Kh7 19. Bf1 Rf7 20. Bd3 Rg8 21. Qg4
g6 22. Qxh5 gxh5+ 23. Kh1 Rfg7 24. Rg1 Be8 25. Be2 Rg6 26. Rff1 Ng2 27. Ng5+
hxg5 28. Rxg2 gxf4 29. Rfg1 h4 30. Rxg6 Bxg6 31. Kg2 Bh5+ 32. Kf2 Rc8 33. Rd1
Kg7 34. Rd3 c5 35. dxc5 Rxc5 36. c3 Kh6 37. Rd4 Kg5 38. Ke1 Be8 39. Kd2 a5 40.
a3 a4 41. Rb4 Bc6 42. Bd1 Rb5 43. Be2 Ra5 44. Bd1 Ra8 45. Ke1 Ra5 46. Kd2 Rb5
47. Be2 Rc5 48. Kd1 b5 49. Rd4 Be8 50. Ke1 Rc7 51. Kf2 Rg7 52. Bf1 Bc6 53. Bh3
Rc7 54. Bf1 Be8 55. Be2 Rc8 56. Bf1 Rc5 57. Be2 Bc6 58. Bf1 Be8 59. Be2 Bd7 60.
Bf1 Be8 61. Be2 1/2-1/2

[Event "45 MFSz im. A.Rubinsteina - B"]
[Site "Polanica Zdroj"]
[Date "2009.08.22"]
[Round "5.5"]
[White "Dzieczkaniec, Piotr"]
[Black "Lach, Piotr"]
[Result "0-1"]
[WhiteElo "2031"]
[BlackElo "2148"]
[PlyCount "49"]
[EventDate "2009.??.??"]

1. Nc3 c5 2. g3 Nc6 3. Bg2 g6 4. Nf3 Bg7 5. O-O d5 6. e4 d4 7. Nb1 Nf6 8. d3
O-O 9. Nbd2 e5 10. Nc4 Re8 11. a4 b6 12. h3 Qc7 13. Nh4 Nd7 14. Bg5 f6 15. Bd2
a6 16. Bf3 Rb8 17. g4 b5 18. axb5 axb5 19. Na5 Nxa5 20. Bxa5 Qc6 21. Bd2 c4 22.
g5 Nc5 23. Be2 Bxh3 24. Re1 Nxe4 25. f4 {%02 zapis nie czytelny} 0-1

[Event "45 MFSz im. A.Rubinsteina - B"]
[Site "Polanica Zdroj"]
[Date "2009.08.22"]
[Round "5.6"]
[White "Mondrzycki, Bartlomiej"]
[Black "Witek, Tomasz"]
[Result "1-0"]
[WhiteElo "2021"]
[BlackElo "2138"]
[PlyCount "68"]
[EventDate "2009.??.??"]

1. e4 e6 2. d4 d5 3. Nc3 Bb4 4. e5 c5 5. a3 Bxc3+ 6. bxc3 Ne7 7. h4 Qc7 8. Nf3
Bd7 9. h5 h6 10. Bd3 Ba4 11. O-O Nd7 12. Be3 O-O-O 13. Qd2 c4 14. Be2 f6 15.
exf6 gxf6 16. Nh4 e5 17. dxe5 fxe5 18. f4 d4 19. cxd4 c3 20. Qd3 a6 21. Ng6
Nxg6 22. Qxg6 e4 23. Qxe4 Rde8 24. Qf3 Bxc2 25. Rac1 Be4 26. Qf2 Rhg8 27. Bf3
Nf6 28. Qh4 Qc6 29. Kh1 Bxf3 30. Rxf3 Rxe3 31. Qh3+ Re6 32. Rfxc3 Ng4 33. Rxc6+
bxc6 34. Qf3 Kb8 1-0

[Event "45 MFSz im. A.Rubinsteina - B"]
[Site "Polanica Zdroj"]
[Date "2009.08.22"]
[Round "5.7"]
[White "Szadkowski, Krzysztof"]
[Black "Spyra, Wojciech"]
[Result "1-0"]
[WhiteElo "2100"]
[BlackElo "2000"]
[PlyCount "95"]
[EventDate "2009.??.??"]

1. e4 e5 2. Nf3 Nc6 3. Bb5 a6 4. Ba4 Nf6 5. O-O Be7 6. Re1 b5 7. Bb3 d6 8. h3
Na5 9. c3 Nxb3 10. axb3 Bb7 11. d3 O-O 12. Nbd2 Re8 13. Nf1 Bf8 14. Ng3 g6 15.
Bg5 h6 16. Be3 Bg7 17. Qd2 Kh7 18. Nh2 Bc8 19. f4 Be6 20. c4 exf4 21. Bxf4 Nd7
22. Rf1 Nc5 23. Qc2 a5 24. Be3 a4 25. bxa4 Nxa4 26. Ra2 c5 27. b3 Nb6 28. Rxa8
Qxa8 29. Ne2 b4 30. Nf4 Qa7 31. Qf2 Ra8 32. Nxe6 fxe6 33. Qh4 Rf8 34. Rxf8 Bxf8
35. Ng4 Qa1+ 36. Kh2 h5 37. Qd8 Bg7 38. Nf2 Be5+ 39. g3 Qa7 40. Kg2 Na8 41. g4
Qb7 42. gxh5 gxh5 43. Qe8 Qg7+ 44. Kf1 Nc7 45. Qxh5+ Kg8 46. Ng4 Bd4 47. Nh6+
Kf8 48. Nf5 1-0

[Event "45 MFSz im. A.Rubinsteina - B"]
[Site "Polanica Zdroj"]
[Date "2009.08.22"]
[Round "5.9"]
[White "Szusterowski, Radoslaw"]
[Black "Wandzik, Wojciech"]
[Result "1-0"]
[WhiteElo "1969"]
[BlackElo "2070"]
[PlyCount "90"]
[EventDate "2009.??.??"]

1. d4 Nf6 2. c4 e6 3. g3 d5 4. Bg2 Be7 5. Nf3 O-O 6. O-O c5 7. cxd5 exd5 8. Nc3
Nc6 9. dxc5 Bxc5 10. Bg5 d4 11. Bxf6 Qxf6 12. Nd5 Qd6 13. Nd2 Bf5 14. a3 a6 15.
g4 Bg6 16. Qb3 Ne5 17. h3 h5 18. f4 Nc6 19. f5 Bh7 20. Ne4 d3+ 21. e3 Bxe3+ 22.
Nxe3 Qd4 23. Rae1 Rfe8 24. Qd5 Qb6 25. Kh1 Rad8 26. Nc4 Qb3 27. Ned6 Re2 28.
Qxf7+ Kh8 29. f6 Rg8 30. Qxh5 gxf6 31. Be4 Rg7 32. Bf3 Ree7 33. Bd1 Qa2 34. Qh6
d2 35. Rxe7 Nxe7 36. Qxd2 b5 37. Ne3 Qe6 38. Nef5 Bxf5 39. gxf5 Qe5 40. Qf4
Qxb2 41. Bf3 Qxa3 42. Qh6+ Kg8 43. Ne8 Rg3 44. Nxf6+ Kf7 45. Bh5+ Ng6 1-0

[Event "45 MFSz im. A.Rubinsteina - B"]
[Site "Polanica Zdroj"]
[Date "2009.08.22"]
[Round "5.10"]
[White "Usatiuk, Igor"]
[Black "Mucha, Magdalena"]
[Result "0-1"]
[WhiteElo "2061"]
[BlackElo "1787"]
[PlyCount "66"]
[EventDate "2009.??.??"]

1. d4 f5 2. g3 Nf6 3. Bg2 g6 4. c3 Bg7 5. Qb3 d5 6. Nh3 c6 7. Bf4 O-O 8. O-O h6
9. Be5 Ng4 10. Bxg7 Kxg7 11. c4 dxc4 12. Qc3 Nf6 13. Qxc4 Nbd7 14. Qc3 Nb6 15.
e3 Nbd5 16. Qb3 Qd6 17. Nd2 Nb6 18. Nf4 g5 19. Nd3 Be6 20. Qc3 Bd5 21. f3 Bg8
22. e4 Rad8 23. d5 Nbxd5 24. e5 Nxc3 25. exd6 Rxd6 26. bxc3 Rxd3 27. Nb3 Rxc3
28. Nd4 Nd5 29. Rfe1 Kf6 30. f4 gxf4 31. Bxd5 Bxd5 32. gxf4 Rg8+ 33. Kf1 c5 0-1

[Event "45 MFSz im. A.Rubinsteina - B"]
[Site "Polanica Zdroj"]
[Date "2009.08.22"]
[Round "5.11"]
[White "Wozniak, Dawid"]
[Black "Gromczak, Dariusz"]
[Result "1/2-1/2"]
[WhiteElo "1894"]
[BlackElo "2057"]
[PlyCount "109"]
[EventDate "2009.??.??"]

1. d4 Nf6 2. c4 g6 3. Nc3 Bg7 4. e4 d6 5. f4 O-O 6. Nf3 Na6 7. Bd2 c5 8. d5 e6
9. Be2 exd5 10. exd5 Re8 11. O-O Nc7 12. Bd3 b5 13. Qc2 bxc4 14. Bxc4 Bf5 15.
Bd3 Bxd3 16. Qxd3 Qb8 17. Rab1 Qb7 18. f5 Qa6 19. Qxa6 Nxa6 20. fxg6 hxg6 21.
Bf4 Ne4 22. Nxe4 Rxe4 23. Ng5 Rd4 24. Bxd6 Rxd5 25. Nxf7 Nb4 26. Bg3 Nxa2 27.
h3 Nb4 28. Kh2 Rf8 29. Nd6 Rxf1 30. Rxf1 Bxb2 31. Nc4 Bg7 32. Rc1 Bd4 33. Na5
Nd3 34. Rc2 Ne5 35. Nb3 Kf7 36. Ra2 Ke6 37. Rxa7 Rd7 38. Ra5 Nd3 39. Ra6+ Kf5
40. Rc6 Rd5 41. Rc8 Be5 42. Rf8+ Ke6 43. Nd2 Bxg3+ 44. Kxg3 Ne5 45. Ne4 c4 46.
Kf4 Nd3+ 47. Ke3 Nc5 48. Rc8 Rd3+ 49. Kf4 Nxe4 50. Kxe4 Rg3 51. Kf4 Rxg2 52.
Rxc4 Kf6 53. Rc6+ Kg7 54. h4 Rg1 55. Kf3 1/2-1/2

[Event "45 MFSz im. A.Rubinsteina - B"]
[Site "Polanica Zdroj"]
[Date "2009.08.22"]
[Round "5.12"]
[White "Golek, Jagoda"]
[Black "Skiba, Marta"]
[Result "1-0"]
[WhiteElo "2040"]
[BlackElo "1729"]
[PlyCount "63"]
[EventDate "2009.??.??"]

1. e4 e5 2. Nf3 Nc6 3. Bc4 Nf6 4. d3 Be7 5. O-O O-O 6. Nc3 d6 7. h3 h6 8. d4
exd4 9. Nxd4 Nxe4 10. Nxe4 d5 11. Nxc6 bxc6 12. Bd3 dxe4 13. Bxe4 Bd7 14. Qf3
Qe8 15. Bf4 f5 16. Bd3 Bd6 17. Rfe1 Qg6 18. Rad1 Rfe8 19. b3 Rxe1+ 20. Rxe1 Re8
21. Rxe8+ Qxe8 22. Be3 Qe5 23. g3 a5 24. a4 g5 25. Bd2 Kg7 26. Bc4 Bc5 27. Bxa5
Bd4 28. Bd2 Qf6 29. a5 c5 30. Qd5 Qe7 31. a6 c6 32. Qg8+ 1-0

[Event "45 MFSz im. A.Rubinsteina - B"]
[Site "Polanica Zdroj"]
[Date "2009.08.22"]
[Round "5.14"]
[White "Dowgird, Filip"]
[Black "Somyk, Marcin"]
[Result "1-0"]
[WhiteElo "2011"]
[BlackElo "1901"]
[PlyCount "61"]
[EventDate "2009.??.??"]

1. e4 e5 2. Nf3 Nc6 3. Bb5 Nge7 4. c3 g6 5. O-O Bg7 6. d4 exd4 7. cxd4 d5 8.
exd5 Nxd5 9. Re1+ Be6 10. Bxc6+ bxc6 11. Ng5 O-O 12. Nxe6 fxe6 13. Nd2 Bxd4 14.
Nf3 Bg7 15. Rxe6 Qd7 16. Re2 Qg4 17. h3 Qh5 18. Qa4 Rxf3 19. gxf3 Qxf3 20. Qg4
Qd3 21. Bg5 Rf8 22. Rd2 Qb5 23. Rc1 Rf5 24. h4 Be5 25. Qc4 Qa5 26. b4 Qb6 27.
Qxc6 Qxc6 28. Rxc6 Nxb4 29. Re6 Bd6 30. Be7 Bf4 31. Bxb4 1-0

[Event "45 MFSz im. A.Rubinsteina - B"]
[Site "Polanica Zdroj"]
[Date "2009.08.22"]
[Round "5.15"]
[White "Bes, Michal"]
[Black "Blaszkiewicz, Mateusz"]
[Result "0-1"]
[WhiteElo "1983"]
[BlackElo "1898"]
[PlyCount "140"]
[EventDate "2009.??.??"]

1. d4 Nf6 2. Bg5 Ne4 3. Bf4 c5 4. f3 Qa5+ 5. c3 Nf6 6. dxc5 Qxc5 7. Nd2 d5 8.
Nb3 Qb6 9. Bg5 Nc6 10. g4 e5 11. Qd2 Be6 12. Be3 d4 13. Bf2 a5 14. Nc1 Rd8 15.
Bh3 e4 16. Qc2 e3 17. Bh4 h6 18. Bxf6 gxf6 19. Nd3 Bd6 20. Bg2 Rc8 21. Nh3 dxc3
22. bxc3 Nd4 23. Qa4+ Nc6 24. Nhf4 Ke7 25. Qe4 Ne5 26. O-O Qc6 27. Qxe3 Nxd3
28. exd3 Rhe8 29. Rae1 Kd7 30. Nxe6 Rxe6 31. Qxh6 Rxe1 32. Rxe1 Qxc3 33. Rb1
Qd4+ 34. Kh1 b6 35. g5 Qxd3 36. Qh3+ f5 37. Rf1 Rc2 38. g6 fxg6 39. Qh7+ Kc6
40. f4+ Rxg2 41. Kxg2 Qe2+ 42. Rf2 Qg4+ 43. Kf1 Bc5 44. Qh8 Qd1+ 45. Kg2 Bxf2
46. Kxf2 Qd2+ 47. Kf3 Qd5+ 48. Kg3 Qd3+ 49. Kf2 Qd6 50. Qe8+ Kc5 51. Qc8+ Kb4
52. a3+ Kxa3 53. Qc3+ Ka4 54. Qc4+ Qb4 55. Qc6+ Kb3 56. Qe6+ Kc2 57. Qxg6 Qxf4+
58. Ke1 Qe4+ 59. Kf2 b5 60. Qb6 Qf4+ 61. Kg2 Qd2+ 62. Kg1 Qe1+ 63. Kg2 Qe2+ 64.
Kg1 Qg4+ 65. Kf2 Qf4+ 66. Kg2 Qe4+ 67. Kf2 b4 68. Qc5+ Kb2 69. Qxa5 b3 70. Qc5
Qc2+ 0-1

[Event "45 MFSz im. A.Rubinsteina - B"]
[Site "Polanica Zdroj"]
[Date "2009.08.22"]
[Round "5.16"]
[White "Kacprzak, Robert"]
[Black "Musialkiewicz, Pawel"]
[Result "1/2-1/2"]
[WhiteElo "1906"]
[BlackElo "1838"]
[PlyCount "54"]
[EventDate "2009.??.??"]

1. c4 e6 2. d4 d5 3. e3 Nf6 4. Nf3 c6 5. Nc3 Nbd7 6. Bd3 dxc4 7. Bxc4 b5 8. Bd3
Bb7 9. O-O b4 10. Ne4 Nxe4 11. Bxe4 Bd6 12. Bd2 Nf6 13. Bd3 c5 14. Bb5+ Ke7 15.
Rc1 Qb6 16. Qa4 a5 17. Be2 Rac8 18. dxc5 Rxc5 19. Rxc5 Bxc5 20. Rc1 Rd8 21. Qc2
Rc8 22. Qd1 Nd5 23. Kh1 Nf6 24. Ne5 Ne4 25. Be1 Qd6 26. Qxd6+ Nxd6 27. Bf3 Bxf3
1/2-1/2

[Event "45 MFSz im. A.Rubinsteina - B"]
[Site "Polanica Zdroj"]
[Date "2009.08.22"]
[Round "5.17"]
[White "Betkowski, Andrzej"]
[Black "Bednarski, Dawid"]
[Result "1-0"]
[WhiteElo "2184"]
[BlackElo "1799"]
[PlyCount "53"]
[EventDate "2009.??.??"]

1. d4 d5 2. Bg5 Bf5 3. e3 Nf6 4. Bd3 Bxd3 5. Qxd3 c6 6. f4 e6 7. Nf3 Nbd7 8.
Nbd2 Be7 9. O-O O-O 10. c3 c5 11. Ne5 c4 12. Qe2 Nxe5 13. dxe5 Nd7 14. Bxe7
Qxe7 15. e4 Rfe8 16. Nf3 Nc5 17. exd5 exd5 18. Nd4 Nd3 19. Rf3 a6 20. Raf1 b5
21. Re3 b4 22. f5 bxc3 23. f6 Qc5 24. bxc3 Rab8 25. e6 gxf6 26. exf7+ Kxf7 27.
Qh5+ 1-0

[Event "45 MFSz im. A.Rubinsteina - B"]
[Site "Polanica Zdroj"]
[Date "2009.08.22"]
[Round "5.18"]
[White "Warchol, Maria"]
[Black "Mazalon, Mariusz"]
[Result "0-1"]
[WhiteElo "1834"]
[BlackElo "2167"]
[PlyCount "66"]
[EventDate "2009.??.??"]

1. e4 c5 2. Nf3 d6 3. d4 cxd4 4. Nxd4 Nf6 5. Nc3 a6 6. f3 e5 7. Nb3 Be6 8. Be3
Be7 9. Qd2 O-O 10. O-O-O Qc7 11. g4 Rc8 12. g5 Nh5 13. Be2 Nd7 14. f4 Nxf4 15.
Bxf4 exf4 16. Qxf4 b5 17. Rd2 Ne5 18. Nd4 b4 19. Nd5 Bxd5 20. exd5 Qa5 21. Kb1
g6 22. Rf1 Ra7 23. Bg4 Rd8 24. h4 Rf8 25. h5 Qd8 26. Rh2 Bxg5 27. Qg3 h6 28.
hxg6 fxg6 29. Rxf8+ Qxf8 30. Rf2 Qe8 31. Ne6 Rf7 32. Rxf7 Qxf7 33. Bd1 Qf1 0-1

[Event "45 MFSz im. A.Rubinsteina - B"]
[Site "Polanica Zdroj"]
[Date "2009.08.22"]
[Round "5.19"]
[White "Wiewiora, Eneasz"]
[Black "Labuda, Michal"]
[Result "1-0"]
[WhiteElo "2056"]
[BlackElo "1816"]
[PlyCount "75"]
[EventDate "2009.??.??"]

1. e4 c5 2. c3 d5 3. exd5 Qxd5 4. d4 Nc6 5. Nf3 cxd4 6. cxd4 e5 7. Nc3 Bb4 8.
Bd2 Bxc3 9. Bxc3 e4 10. Ne5 Nxe5 11. dxe5 Ne7 12. Qc2 O-O 13. Rd1 Qxa2 14. Qxe4
Qe6 15. Bc4 Qc6 16. Qxc6 Nxc6 17. O-O Bf5 18. Rd2 Rfd8 19. Rfd1 Rxd2 20. Rxd2
Rd8 21. Rxd8+ Nxd8 22. f3 Nc6 23. Kf2 g6 24. Ke3 Kf8 25. Kf4 Be6 26. Bd3 Bb3
27. Be4 Be6 28. g4 Bd7 29. Kg5 a5 30. h4 b5 31. Kf6 b4 32. Bd2 a4 33. Bd5 Be8
34. e6 fxe6 35. Bh6+ Kg8 36. Bxe6+ Bf7 37. Bxf7+ Kh8 38. Bg7# 1-0

[Event "45 MFSz im. A.Rubinsteina - B"]
[Site "Polanica Zdroj"]
[Date "2009.08.22"]
[Round "5.20"]
[White "Borowicz, Przemyslaw"]
[Black "Prazmowski, Bartosz"]
[Result "1-0"]
[WhiteElo "2009"]
[BlackElo "1807"]
[PlyCount "39"]
[EventDate "2009.??.??"]

1. d4 e6 2. c4 Nf6 3. Nc3 Bb4 4. Qc2 Nc6 5. Nf3 b6 6. e4 Bxc3+ 7. bxc3 d5 8.
cxd5 exd5 9. e5 Ne4 10. Bd3 Bf5 11. Ba3 Ne7 12. Nh4 Be6 13. Bxe4 dxe4 14. Qxe4
Nd5 15. c4 Nc3 16. Qc6+ Bd7 17. Qf3 Qxh4 18. Qxa8+ Qd8 19. Qf3 Na4 20. O-O 1-0

[Event "45 MFSz im. A.Rubinsteina - B"]
[Site "Polanica Zdroj"]
[Date "2009.08.22"]
[Round "5.21"]
[White "Kozera, Aleksandra"]
[Black "Wasik, Piotr"]
[Result "1/2-1/2"]
[WhiteElo "1788"]
[BlackElo "1976"]
[PlyCount "121"]
[EventDate "2009.??.??"]

1. e4 c5 2. Nf3 e6 3. d4 cxd4 4. Nxd4 a6 5. Bd3 Qc7 6. O-O Nf6 7. Nc3 Be7 8. a4
b6 9. Kh1 Bb7 10. Qe2 Nc6 11. Nb3 Nb4 12. f4 O-O 13. Bd2 Rac8 14. Rf3 d5 15. e5
Ne4 16. Nxe4 dxe4 17. Bxe4 Bxe4 18. Qxe4 Qxc2 19. Qb7 Nd3 20. Qxe7 Qxb3 21.
Raf1 Qc2 22. Qa3 Nxb2 23. Bb4 Nc4 24. Qc3 Qxc3 25. Rxc3 Rfd8 26. Rfc1 b5 27.
axb5 axb5 28. g3 Ra8 29. R3c2 h5 30. Rb1 Rd5 31. Re2 Kh7 32. Kg2 Kg6 33. Kf3
Rd3+ 34. Kg2 Kf5 35. Bc5 Rd5 36. Be7 Re8 37. Bd6 Rd8 38. Be7 R8d7 39. Bb4 Rd1
40. Rxd1 Rxd1 41. h3 Rb1 42. Be7 b4 43. Kf3 Rb3+ 44. Kf2 Rb2 45. Rxb2 Nxb2 46.
Kf3 b3 47. g4+ Kg6 48. Ke2 Nc4 49. Kd3 b2 50. Kc2 f6 51. exf6 gxf6 52. gxh5+
Kf7 53. h6 Kg6 54. h7 Kxh7 55. Bxf6 Kg6 56. Bxb2 Kf5 57. Bc1 Nb6 58. Kd3 Nd5
59. h4 Nxf4+ 60. Bxf4 Kxf4 61. h5 1/2-1/2

[Event "45 MFSz im. A.Rubinsteina - B"]
[Site "Polanica Zdroj"]
[Date "2009.08.22"]
[Round "5.22"]
[White "Wielosz, Jaroslaw"]
[Black "Lukasiewicz, Aleksander"]
[Result "1/2-1/2"]
[WhiteElo "1963"]
[BlackElo "1852"]
[PlyCount "133"]
[EventDate "2009.??.??"]

1. d4 d5 2. c4 e6 3. Nc3 Nf6 4. Bg5 Be7 5. e3 O-O 6. Nf3 Nbd7 7. Rc1 dxc4 8.
Bxc4 a6 9. a4 h6 10. Bh4 c5 11. O-O cxd4 12. exd4 Nb6 13. Bb3 Nbd5 14. Ne5 Bd7
15. Nxd5 Nxd5 16. Bxd5 Bxh4 17. Bxb7 Rb8 18. Bc6 Be8 19. Bxe8 Qxe8 20. b3 Bf6
21. Ng4 Bg5 22. Rc4 Qd7 23. Ne5 Qb7 24. Rc3 Rfc8 25. Nc4 Rd8 26. Rd3 Bf6 27.
Re1 Rd7 28. Ne5 Rd5 29. h3 Rbd8 30. Nf3 Qd7 31. Rd2 Bxd4 32. Rxd4 Rxd4 33. Nxd4
Qxd4 34. Qxd4 Rxd4 35. Rc1 Rb4 36. Rc8+ Kh7 37. Rc3 Rb6 38. Kf1 Kg6 39. Ke2 Kf6
40. Kd2 Ke5 41. Kc2 Kd6 42. Rd3+ Kc6 43. Kc3 Rb7 44. Kc4 a5 45. Rd8 Rb4+ 46.
Kc3 Rf4 47. f3 Rf5 48. Rc8+ Kb6 49. Rc4 Rg5 50. g4 Re5 51. Kd4 Rd5+ 52. Ke4 Kb7
53. Rd4 Kc6 54. h4 f5+ 55. gxf5 exf5+ 56. Ke3 Rxd4 57. Kxd4 g5 58. hxg5 hxg5
59. Ke5 g4 60. fxg4 fxg4 61. Kf4 Kc5 62. Kxg4 Kb4 63. Kf3 Kxb3 64. Ke2 Kxa4 65.
Kd2 Kb3 66. Kc1 Ka2 67. Kc2 1/2-1/2

[Event "45 MFSz im. A.Rubinsteina - B"]
[Site "Polanica Zdroj"]
[Date "2009.08.22"]
[Round "5.23"]
[White "Duszenko, Michal"]
[Black "Skrzypczak, Anna"]
[Result "0-1"]
[WhiteElo "1785"]
[BlackElo "1959"]
[PlyCount "108"]
[EventDate "2009.??.??"]

1. e4 c5 2. Nc3 Nc6 3. f4 g6 4. Nf3 Bg7 5. Bc4 e6 6. O-O Nge7 7. d3 O-O 8. Qe1
d5 9. Bb3 a5 10. Ba4 Nd4 11. e5 Rb8 12. Nxd4 cxd4 13. Nb5 Bd7 14. b3 Bxb5 15.
Bxb5 Qb6 16. a4 Rfc8 17. Bd2 Nc6 18. Bxc6 Qxc6 19. Ra2 b6 20. b4 axb4 21. Bxb4
Ra8 22. Qa1 Ra6 23. Qxd4 Rxa4 24. Rfa1 b5 25. Qb2 Rca8 26. Rxa4 Rxa4 27. Rxa4
bxa4 28. Ba3 Qa8 29. c4 dxc4 30. dxc4 Bf8 31. c5 Qa5 32. Qc1 Qb5 33. h3 Be7 34.
Kh2 Qc6 35. Qc4 Kf8 36. Qb4 Bd8 37. Qb8 Ke8 38. Qd6 Qe4 39. Bc1 Be7 40. Qb8+
Kd7 41. Qa7+ Kd8 42. Bd2 Ke8 43. Qc7 Qd4 44. Qc8+ Bd8 45. Qc6+ Qd7 46. Qd6 Bc7
47. c6 Qxd6 48. exd6 Bxd6 49. Kg3 g5 50. Kg4 gxf4 51. Kh5 a3 52. Bc3 Ke7 53.
Kh6 a2 54. Kxh7 f6 0-1

[Event "45 MFSz im. A.Rubinsteina - B"]
[Site "Polanica Zdroj"]
[Date "2009.08.22"]
[Round "5.24"]
[White "Nowicki, Bartosz"]
[Black "Ulanowski, Karol"]
[Result "1-0"]
[WhiteElo "1944"]
[BlackElo "1777"]
[PlyCount "85"]
[EventDate "2009.??.??"]

1. e4 e5 2. Nf3 Nc6 3. Bb5 a6 4. Ba4 Nf6 5. O-O b5 6. Bb3 Bc5 7. c3 d6 8. h3
O-O 9. Re1 Bb6 10. d4 Bb7 11. Bg5 h6 12. Bh4 Qd7 13. d5 Na5 14. Bc2 c6 15. dxc6
Bxc6 16. Nbd2 Qa7 17. Qe2 Nh5 18. Rf1 Nf4 19. Qd1 Bd7 20. Kh2 Be6 21. a4 Qd7
22. Bg3 Nxg2 23. Kxg2 Bxh3+ 24. Kh2 Bxf1 25. Nxf1 Qe7 26. Qd5 Qf6 27. N1d2 Nc4
28. Nxc4 Bxf2 29. Ncd2 Bxg3+ 30. Kxg3 Qf4+ 31. Kg2 Rae8 32. Nf1 Re6 33. Qd2
Qg4+ 34. Ng3 Rg6 35. Qf2 bxa4 36. Rxa4 h5 37. Kh2 h4 38. Nf1 Qf4+ 39. Kh1 h3
40. Ne3 h2 41. Ra1 Rg3 42. Rf1 g5 43. Nd5 1-0